000 00607nam a2200217Ia 4500
003 OSt
005 20220928145327.0
006 a|||||r|||| 00| 0
007 ta
008 220927b |||||||| |||| 00| 0 eng d
024 _a80177
037 _cTextual
040 _aSDCL
_cSDCL
_beng
041 _2eng
_aeng
082 _aX9.3'L6<-K6, M1
100 _aBeckett J V
_9512613
245 0 _aCoal and tobacco
_b The Lowthers and the economic development of West Cumberland , 1660 - 1760.
260 _c1981
942 _hX9.3'L6<-K6, M1
_cTEXL
_2CC
999 _c833223
_d833223